Сага за войната на разлома (Запис номер 30788)
[ съкратено ]
| 000 -Лидер | |
|---|---|
| Контролно поле с фиксирана дължина | 01601nam a2200385 c 4500 |
| 003 - Код на организацията, давaща контролен номер | |
| Контролно поле | BLK |
| 005 - Дата и час на последна редакция | |
| Контролно поле | 20250111102002.0 |
| 008 - Елементи от данни с фиксирана дължина | |
| fixed length control field | 180407b bul|||||r ||||||| ||bul|| |
| 010 ## - Наследен системен номер | |
| LC control number | KNG00033426000 |
| 020 ## - Международен стандартен номер на книга ISBN | |
| Международен стандартен номер на книга ISBN | 954-585-148-1 |
| -- | издат.: Бард - на том(т. 2) |
| 040 ## - Източник на каталожния запис | |
| Идентификатор на билиотеката - собственик на записа | BLK |
| 041 ## - Код за език | |
| Код за езика на текст/звукозапис или на отделно заглавие | Български |
| Код за езика КДБФ | Български |
| 080 ## - УДК | |
| Текстов определител УДК | Американска литература (на САЩ) |
| УДК код - определител по УДК | 821.111(73) |
| УДК определител | -312.9 |
| УДК - код + определител | 821.111(73)-312.9 |
| 100 1# - Редна дума - Автор | |
| Автор | Фийст, Реймънд Елиас |
| Авторска отговорност | първи автор |
| R(LIN) | 133852 |
| 139 ## - Редно поле | |
| Редна дума | Фийст, Реймънд Елиас |
| Авторски знак | Физ - Ф 47 |
| 245 10 - Сведения за заглавието | |
| Заглавие | Сага за войната на разлома |
| Подзаглавни данни | Роман : Т. 1 - |
| Редно поле (дума) | Реймънд Елиас Фийст; прев. от англ. Валерий Русинов. |
| Том | Т. 2 |
| Заглавие на том | Сребротрън |
| 257 ## - Страна на издаване | |
| Страна на създаване/издаване | Съединени американски щати |
| 260 ## - Област на издателските данни | |
| -- | София |
| Година на издаване | 2000 - |
| 300 ## - Физическа характеристика | |
| Размери/Мащаб | 22 см |
| 380 ## - Жанр | |
| Жанр | Худож. лит. |
| 490 1# - СЕРИИ (Колекции) | |
| Име на серия | Сага за войната на разлома |
| 500 ## - Общи забележки | |
| Забележка | Офс. изд. |
| 505 ## - Форматирана забележка | |
| Подзаглавни данни | |
| Авторската отговорност | |
| Заглавие | Мрак над Сетанон |
| 590 ## - Забележки на библиотеката, притежаваща документа (RLIN) | |
| Служебно | ф |
| 653 ## - Ключова дума – ненормативна | |
| Ключова дума | фантастика |
| 653 ## - Ключова дума – ненормативна | |
| Ключова дума | романи |
| 700 1# - Други автори (авторска отговорност) | |
| Лично име | Русинов, Валерий |
| Автороска отговорност (Описва отношението между автора и произведението) | прев. от англ. |
| 9 (RLIN) | 365206 |
| 760 1# - Описание на основната серия | |
| -- | - на том(т. 2) |
| Редна дума на основното описание | Фийст, Реймънд Елиас |
| Място на издаване, издател и година | Бард, 2000 |
| Страници - том | 736 с. |
| Забележка - том | Ориг. загл. Sil Verthorn ; A Darkness At Sethanon / Raymond E. Feist. |
| Заглавие | Т. 2 Сребротрън |
| 852 ## - Местоположение | |
| Форматна сигнатура | Цб 205785 |
| 856 4# - Електронен адрес и достъп | |
| Електронен формат | pdf - файл |
| Път до файла /url/ | |
| 856 4# - Електронен адрес и достъп | |
| Електронен формат | pdf - файл |
| Път до файла /url/ | |
| 942 ## - АРТИКУЛИ | |
| Вид на библиотечния материал | Книги |
| Скрит в OPAC | Не |
| Koha issues (borrowed), all copies | 7 |
| 944 ## - СЪЗДАВАНЕ И РЕДАКЦИЯ на ЗАПИСА | |
| Създаване/Редакция | Създаване |
| Дата на регистрацията/редакция | 15.01.2003 |
| Статус, дата на статуса | Ренета Константинова |
| Служител, извършил регистрацията/редакцията | 30546 |
| 944 ## - СЪЗДАВАНЕ И РЕДАКЦИЯ на ЗАПИСА | |
| Създаване/Редакция | Редакция |
| Дата на регистрацията/редакция | 13.07.2010 |
| Статус, дата на статуса | ф / |
| Служител, извършил регистрацията/редакцията | |
| 999 ## - СИСТЕМНИ КОНТРОЛНИ НОМЕРА | |
| Koha biblionumber | 30788 |
| Koha biblioitemnumber | 30788 |
| Код за отписване | Код за изгубен артикул | Източник на класификационната схема | Код за повреда | Коз за рестрикции | Код за отдаване | Артикулен № | Име на библиотеката - собственик | Име на библиотеката, в която се намира в момента | Статус (Текущо местоположение) | Дата на вписване в системата | Местоположение - отдел | Цена в лева | Инвентарен номер | Систематично азбучна сигнатура | Баркод | Номер на екземпляра | Цена в евро | Служебна бележка | Служебен тип на артикула |
|---|---|---|---|---|---|---|---|---|---|---|---|---|---|---|---|---|---|---|---|
| Изтеглен | Не е изгубен | Universal Decimal Classification | Не е повреден | без рестрикции | заемане за дома | 49264 | Регионална библиотека "Любен Каравелов" Русе | Регионална библиотека "Любен Каравелов" Русе | Заемна - подръчен фонд | 2001-01-01 | Заемна - подръчен фонд | 10.00 | 659124 | П 820(73)-31/Ф 47 | 659124 | 1 | 5.11 | Дост: Pk Вид: Ф N: стар фонд Дата: 01.01.2001 | Книги |
| Не е изгубен | Universal Decimal Classification | Не е повреден | без рестрикции | заемане за дома | 49265 | Регионална библиотека "Любен Каравелов" Русе | Регионална библиотека "Любен Каравелов" Русе | Дубликат | 2008-09-24 | Заемна - подръчен фонд | 14.99 | 120000729258 | П 820(73)-31/Ф 47 | 120000729258 | 2 | 7.66 | Дост: Pk Вид: Ф N: 8927 Дата: 24.09.2008 Дата инв: 11.08.2015 Бележки инв: Д2015 | Книги | |
| Не е изгубен | Universal Decimal Classification | Не е повреден | без рестрикции | заемане за дома | 49266 | Регионална библиотека "Любен Каравелов" Русе | Регионална библиотека "Любен Каравелов" Русе | Заемна - подръчен фонд | 2008-09-29 | Заемна - подръчен фонд | 14.99 | 120000729830 | П 820(73)-31/Ф 47 | 120000729830 | 3 | 7.66 | Дост: Pk Вид: Ф N: 8936 Дата: 24.09.2008 Дата инв: 11.08.2015 Бележки инв: Д2015 | Книги | |
| Не е изгубен | Не е повреден | без рестрикции | заемане за дома | 49267 | Регионална библиотека "Любен Каравелов" Русе | Регионална библиотека "Любен Каравелов" Русе | Заемна - подръчен фонд | 2010-06-29 | Заемна - подръчен фонд | 11.99 | 120000744825 | П 820(73)-31/Ф 47 | 120000744825 | 4 | 6.13 | Дост: DA Вид: А N: 17 Дата: 29.06.2010 Дата инв: 13.02.2018 Бележки инв: П2018 | Книги |